La legitimación adoptiva: Ley N§ 16.346, de 20 de Octubre de 1965

Kaydedildi:
Detaylı Bibliyografya
Yazar: Jara Miranda, Jaime (Yazar)
Materyal Türü: Kitap
Dil:İspanyolca
Baskı/Yayın Bilgisi: Santiago Jurídica de Chile 1968
Konular:
Etiketler: Etiketle
Etiket eklenmemiş, İlk siz ekleyin!

MARC

LEADER 00000nam a2200000 a 4500
001 UCS1688
003 CL-VaPUC
008 970515e19680000CL |||||||||||||||||spa|d
082 0 4 |a 346.017  |b JAR  |2 21 
100 |a Jara Miranda, Jaime  |e author  |9 764011 
245 1 3 |a La legitimación adoptiva: Ley N§ 16.346, de 20 de Octubre de 1965 
300 |a 173 p 
942 |c BK 
945 |d 19970515 00:00:00  |a paguirre 
260 |a Santiago  |b Jurídica de Chile  |c 1968 
650 0 |a Derecho civil  |9 255013 
650 0 |a Derecho de familia  |9 255603 
650 0 |a Adopción  |9 255783 
650 0 |a Filiación  |9 256647 
650 7 |a LEGITIMACION ADOPTIVA  |2 CL-VaPUC  |9 336761 
650 7 |a LEY 16.346  |2 CL-VaPUC  |9 385784 
651 7 |a CHILE  |2 CL-VaPUC  |9 386387 
583 |a last modification  |c 19970515 00:00:00  |k Rodrigo Vera 
999 |c 259720  |d 259718 
952 |0 0  |1 0  |4 0  |6 346_017000000000000_JAR_1968  |7 0  |8 P  |9 284979  |a BIBDER  |b BIBDER  |d 2019-11-19  |i 184850K  |o 346.017 JAR 1968  |p 184850K  |r 2023-01-25  |w 2019-11-19  |y BK  |k DER